| 000 | 01160cab a2200265 4500 | ||
|---|---|---|---|
| 001 | X86295 | ||
| 008 | 090401t1997 xxu||||| |||| 00| 0 eng d | ||
| 035 | _a(Sirsi) u80707 | ||
| 041 | _aeng | ||
| 245 | _aR v Warwickshire CC ex parte Powergen plc | ||
| 260 | _c1997 | ||
| 350 | _a0 | ||
| 490 |
_aJournal of Planning and Environment Law _v1997 JPL 843-853(11) |
||
| 520 | _aQBD 20 November 1996. Outline planning permission - retail development and associated highway works - granted on appeal - full consideration of highway issues by Inspector - condition imposed requiring a Highways Act 1980 s278 agreement - county council refusal to enter into agreement - same grounds as those put forward in the planning appeal - judicial review - county council acted unlawfully - its decision was perverse and unreasonable. | ||
| 650 | _aACCESS | ||
| 650 | _aHIGHWAY AUTHORITY | ||
| 650 | _aHIGHWAYS ACT 1980 S278 | ||
| 650 | _aOUTLINE PLANNING PERMISSION | ||
| 650 | _aR V WARWICKSHIRE CC EX P POWERGEN PLC | ||
| 650 | _aROAD WIDENING | ||
| 650 | _aSUPERMARKET | ||
| 690 | _aPLANNING LAW AND PRACTICE-CASE LAW | ||
| 942 | _n0 | ||
| 948 | _c08/09/1997 | ||
| 999 |
_c50809 _d50809 |
||